Reflexia súčasného chápania politickej slobody
Pojem sloboda a vybrané interpretácie a definície. Politická sloboda a sloboda prejavu. Sloboda jednotlivca a spoločenské dobro.
Gespeichert in:
| 1. Verfasser: | |
|---|---|
| Weitere Verfasser: | |
| Format: | Buchkapitel |
| Sprache: | Slowakisch |
| Schlagworte: | |
| Tags: |
Keine Tags, Fügen Sie das erste Tag hinzu!
|
MARC
| LEADER | 00000naa a2200000 4500 | ||
|---|---|---|---|
| 001 | 0273926 | ||
| 005 | 20210524140249.8 | ||
| 041 | 0 | |a slo | |
| 044 | |a SK | ||
| 245 | 1 | 0 | |a Reflexia súčasného chápania politickej slobody |c Ulrich Wollner, Jaroslav Ušiak |
| 520 | |a Pojem sloboda a vybrané interpretácie a definície. Politická sloboda a sloboda prejavu. Sloboda jednotlivca a spoločenské dobro. | ||
| 610 | 2 | 0 | |a sloboda |
| 610 | 2 | 0 | |a politika |
| 610 | 2 | 0 | |a politológia |
| 100 | 1 | |a Wollner, Ulrich | |
| 700 | 1 | |a Ušiak, Jaroslav | |